000 00703nam a22001697a 4500
005 20251108165150.0
008 250721s1991 xx 000 0 ara d
082 1 4 _a818/فاز
100 1 _aالفازازي الأندلسي، أبو زيد عبد الرحمن بن يخلفتن
245 1 0 _aآثار أبي زيد الفازازي الأندلسي :
_bنصوص أدبية من القرن الهجري السابع /
264 1 _aبيروت :
_bدار قتيبة للطباعة و النشر و التوزيع،
_c1991.
300 _a199ص
650 1 7 _aالأدب العربي
700 1 _aالهرامة، عبد الحميد عبد الله
_eتحقيق
942 _2ddc
_cBK
999 _c21058
_d21058